=LDR 00000nam 2200000 4500 =001 001214 =005 20250711104826 =035 ##$$a 0010-0725000639 =007 ta =008 250711################a##########0#ind## =020 ##$$a 978-623-472-658-9 =082 ##$$a 398. 209 598 =084 ##$$a 398. 209 598 MEH k =100 #$$a Mehta, sejal =245 1#$$a Kucing liar berkeliaran /$c Sejal mehta =250 ##$$a Cetakan pertama =260 ##$$a Jakarta :$b Badan pengembangan dan pembinaan bahasa,$c 2022 =300 ##$$a 20 hlm. : $b Ilusi. ; $c 22,9 cm =650 #4$$a Cerita anak indonesia-terjemahan =650 #4$$a Literasi-bahan bacaan